000 00799nam a2200241 a 4500
001 37128
003 BD-RjUL
005 20211209052600.0
008 021022s1909 enk 000 0 eng
035 _a(BD-RjUL)37230
040 _aBD-RjUL
_beng
_cBD-RjUL
_dBD-RjUL
041 _aeng
082 _223
_a297
_bLEI 1909
100 1 _aLeonard, Arthur Glyn.
_9223155
245 1 0 _aIslam, her moral and spiritual value :
_ba rational and psychological study /
_cby Arthur Glyn Leonard; with a foreword by Syed Ameer Ali.
260 _aLondon :
_bLuzac & co.,
_c1909.
300 _a160 p. ;
_c20 cm.
650 0 _aIslam
_xEssence, genius, nature.
_9223156
650 0 _aIslam
_xPsychology
_9223158
650 0 _aIslamic ethics
_9223159
700 _aAli, Syed Ameer, foreworder
_9223160
942 _2ddc
_cRAR
999 _c37128
_d37128